Word Ladder: The Sopranos Quiz Stats

 Plays Quiz Updated Mar 9, 2019

Score 0/27 Timer 03:00
9 Plays Today
Clue 4-Letter Word % Correct
The ____ RangerLONE
97.2%
The Big _____ TheoryBANG
95.5%
Tibetan leader Dalai _____LAMA
94.4%
New Jersey mafia leader Soprano• TONY •
94.4%
Quality of voiceTONE
94.1%
_____ or swimSINK
93%
UncoolLAME
91.6%
Prepare for a tripPACK
91.4%
Not well; ailingSICK
90.6%
Caroler's taskSING
89.7%
New York boss Johnny• SACK •
88.7%
Togo's capitalLOMÉ
88.1%
A treatyPACT
87.7%
With last highlight, the family's club• BING •
87.4%
Clue 4-Letter Word % Correct
Peter Pan's crew, _____ BoysLOST
82.9%
Pirate's plunderLOOT
82.7%
Crazy as a _____LOON
81.3%
Go separate waysPART
79.4%
Munich star Eric _____BANA
79.3%
Garth portrayer _____ CarveyDANA
77.8%
Upright polePOST
75%
Tuscaloosa school, colloquially BAMA
73.9%
Central France cityLYON
71.7%
Frequent illegal locale, _____ Newark• PORT •
69.3%
With next highlight, the family's club• BADA •
64.5%
Art movementDADA
60.6%
Meadow portrayer Jamie-_____ Sigler• LYNN •
58.8%

Today's Daily Dose

You're not logged in!

Compare scores with friends on all Sporcle quizzes.
OR
Log In

Sporcle TV

Today on Sporcle TV


Watch our educational content, quiz creation guides, and fun videos on Sporcle TV.

Show Comments

Extras

Top Quizzes Today


Score Distribution

Your Account Isn't Verified!

In order to create a playlist on Sporcle, you need to verify the email address you used during registration. Go to your Sporcle Settings to finish the process.

Report this User

Report this user for behavior that violates our Community Guidelines.

Details: